Nursing : levels of health intervention /

Bibliographic Details
Other Authors: Burgess, Ann Wolbert
Format: Book
Language:English
Published: Englewood Cliffs, N.J. : Prentice-Hall, [1978]
Subjects:

MARC

Tag First Indicator Second Indicator Subfields
LEADER 00000cam a2200000 i 4500
001 in00000616821
005 20151015050923.0
008 770720s1978 njua b 00100 eng
010 |a  77021508  
020 |a 0136276873 
035 |a (OCoLC)03205601 
035 |9 ACT3189AM 
040 |a DLC  |c DLC  |d GXM  |d TXA  |d UtOrBLW 
049 |a TXAM  |c [1187019] 
050 0 0 |a RT41  |b .N88 
060 0 |a WY 100.3 N974 1978 
082 0 |a 610.73 
245 0 0 |a Nursing :  |b levels of health intervention /  |c [edited by] Ann Wolbert Burgess. 
264 1 |a Englewood Cliffs, N.J. :  |b Prentice-Hall,  |c [1978] 
264 4 |c ©1978 
300 |a xxi, 809 pages :  |b illustrations ;  |c 24 cm. 
336 |a text  |b txt  |2 rdacontent 
337 |a unmediated  |b n  |2 rdamedia 
338 |a volume  |b nc  |2 rdacarrier 
504 |a Includes bibliographies and index. 
650 0 |a Nursing. 
650 2 |a Nursing Care. 
700 1 |a Burgess, Ann Wolbert. 
999 |a MARS 
999 f f |s 8afdafff-a476-35fc-8a03-209de99aaab9  |i 9da8a0cd-17c2-3497-bff4-988d63c32386  |t 0 
952 f f |p ric  |a Texas A&M University  |b Rellis Campus  |c Joint Library Facility  |d Remote Storage  |t 0  |e RT41 .N88  |h Library of Congress classification  |i unmediated -- volume  |m A14805160307 
998 f f |a RT41 .N88  |t 0  |l Remote Storage